Venezuela: del bipartidismo al neoautoritarismo /
Tallennettuna:
| Päätekijä: | |
|---|---|
| Aineistotyyppi: | Teksti |
| Aiheet: | |
| Tagit: |
Lisää tagi
Ei tageja, Lisää ensimmäinen tagi!
|
MARC
| LEADER | 00000 a a2200000 04500 | ||
|---|---|---|---|
| 001 | 13224 | ||
| 003 | |||
| 040 | |||
| 100 | |a Blanco, Carlos | ||
| 245 | |a Venezuela: |b del bipartidismo al neoautoritarismo / |c Carlos Blanco | ||
| 650 | |a PARTIDOS POLITICOS | ||
| 650 | |a CRISIS POLITICAS | ||
| 650 | |a CLIENTELISMO POLITICO | ||
| 650 | |a AUTORITARISMO | ||
| 650 | |a SISTEMAS POLITICOS | ||
| 773 | |g número 2; páginas 87-95 | ||
| 999 | |c 33514 |d 33514 | ||
